000 00303nam a22001217a 4500
020 _a81-85095-00-0
082 _a 621.3815287 RAM'I
100 _aRAMOMOORTY, M
_957461
245 _a AN INTRODUCTION TO THYRISTORS AND THEIR APPLICATIONS
260 _aMADRAS
_bEWP
_c1977
300 _a312P
942 _cBK
999 _c567738
_d567738